Guess the Taylor Swift Song with No Hints - 30 - Statistics

General Stats
  • This quiz has been taken 51 times
  • The average score is 366 of 435
Answer Stats
Answer % Correct
a
100%
a;;
100%
I
100%
an
98%
and
98%
And
98%
is
98%
Is
98%
is?
98%
it
98%
we
95%
You
95%
you
95%
(You
95%
(you
95%
do
93%
me
93%
me?"
93%
me?
93%
on
93%
The
93%
the
93%
as
91%
But
91%
did?
91%
say
91%
to
91%
what
91%
be
88%
be)
88%
don't
88%
"Don't
88%
hear
88%
her
88%
If
88%
if
88%
my
88%
said
88%
said?
88%
So
88%
they
88%
who
88%
your
88%
all
86%
can
86%
down
86%
for
86%
not
86%
of
86%
one
86%
should
86%
tell
86%
that?"
86%
that
86%
That
86%
Well,
86%
where
86%
about
84%
afraid
84%
At
84%
bad
84%
didn't
84%
get
84%
hurt
84%
I'm
84%
in
84%
like
84%
Then
84%
then
84%
this
84%
who's
84%
"Who's
84%
Who's
84%
feel
81%
from
81%
I'll
81%
just
81%
little
81%
mean
81%
old
81%
out
81%
sad
81%
scream
81%
street
81%
took
81%
with
81%
you're
81%
attack
79%
how
79%
life
79%
made
79%
raised
79%
was
79%
why
79%
worry,
79%
could
77%
Crash
77%
everything
77%
folks,
77%
has
77%
levitate
77%
party
77%
record
77%
tame,
77%
teeth"
77%
till
77%
wouldn't
77%
always
74%
am
74%
circus
74%
cry
74%
drunk
74%
gallows
74%
had
74%
hour
74%
into
74%
isn't
74%
last
74%
step
74%
still
74%
that's
74%
asylum
72%
gentle
72%
good
72%
hands
72%
house
72%
lawn
72%
leap
72%
more
72%
own
72%
scratch
72%
singing
72%
songs
72%
tears,
72%
their
72%
wanna
72%
wrong
72%
along
70%
'Cause
70%
'cause
70%
joke
70%
keep
70%
Let's
70%
makes
70%
poised
70%
sue
70%
until
70%
wanted
70%
wonder
70%
alive
67%
broke?
67%
dead,
67%
disturbed
67%
kids
67%
name
67%
narcotics
67%
Nothing
67%
Put
67%
show
67%
bare
65%
cobwebs
65%
costs,
65%
should've
65%
snarl
65%
sneak
65%
crazy
63%
bullet
60%
caged
60%
called
60%
contained
60%
fearsome
60%
scandal
58%
wretched
58%
paths
56%
paved
56%
grazed
53%
trained
53%
taught
49%
lured
42%
laught
26%
recored
5%
No matching quizzes found
Score Distribution
Percent of People with Each Score
Percentile by Number Answered
Your Score History
You have not taken this quiz